Základy marketingu I : (úvod do problematiky) /

Hlavní autor: Svobodová, Hana, 1956-2011
Korporativní autor: Vysoká škola báňská - Technická univerzita Ostrava. Katedra marketingu a obchodu
Jazyk: Čeština
Vydáno: Ostrava : VŠB - Technická univerzita, 2003
Vydání: 2. vyd.
Témata:
Externí odkaz: Digitalizovaný dokument
Fyzický popis: 81 s. : il. ; 30 cm
Knihy
Uloženo v:
LEADER 01581nam a2200385 a 4500
001 000699237
003 CZ BrMZK
005 20040106104631.0
007 ta
008 031208s2003 xr a e p 000 0 cze d
015 |a cnb001288458 
020 |a 80-248-0445-X  |q (brož.) 
035 |a (OCoLC)56871988 
040 |a BOA001  |b cze 
072 7 |a 658  |x Řízení a správa podniku  |2 Konspekt  |9 4 
072 7 |a 37.016  |x Učební osnovy. Vyučovací předměty. Učebnice  |2 Konspekt  |9 22 
080 |a 658.8  |2 MRF 
080 |a 339.138  |2 MRF 
080 |a (075.8)  |2 MRF 
100 1 |a Svobodová, Hana,  |d 1956-2011  |7 mzk2003211119  |4 aut 
245 1 0 |a Základy marketingu I :  |b (úvod do problematiky) /  |c Hana Svobodová 
250 |a 2. vyd. 
260 |a Ostrava :  |b VŠB - Technická univerzita,  |c 2003 
300 |a 81 s. :  |b il. ;  |c 30 cm 
500 |a 500 výt 
500 |a Vydavatel: Vysoká škola báňská - Technická univerzita Ostrava. Ekonomická fakulta. Katedra marketingu a obchodu 
504 |a Obsahuje bibliografii 
521 |a Určeno pro posluchače 1. ročníku EkF 
650 0 7 |a marketing  |7 ph115227  |2 czenas 
655 7 |a učebnice vysokých škol  |7 fd133772  |2 czenas 
710 2 |a Vysoká škola báňská - Technická univerzita Ostrava.  |b Katedra marketingu a obchodu  |7 kn20010709151 
856 4 1 |u http://www.digitalniknihovna.cz/mzk/uuid/uuid:1914f770-0594-11e3-beb8-005056827e51  |y Digitalizovaný dokument  |x NDK 
910 |a BOA001  |b 3-1124.802 
990 |a BK 
996 6 |b 2610203570  |c 3-1124.802  |l MZK  |r Sklad / do 1 hodiny  |n 2  |p p.v.  |w 000699237  |u 000010  |a 1  |e BOA001  |j MZK50  |s P